Powiaty w województwie lubuskim - nagła śmierć - Statystyki

Ogólne statystyki
  • Ten quiz został rozwiązany 82 razy
  • Średni wynik to 10 z 14
Answers on the Grid
Answers color-coded by a green-red scale on the quiz's grid according to % correct below.
bartoszycki
brodnicki
bytowski
Gorzów Wielkopolski
gorzowski
hrubieszowski
jaworski
kępiński
kłodzki
krapkowicki
krośnieński
kwidzyński
lubliniecki
lwówecki
międzyrzecki
mrągowski
nałęczowski
nowosolski
nowotomyski
oleski
pilski
pyrzycki
sandomierski
siemiatycki
sieradzki
sławieński
słubicki
Sopot
strzelecko-drezdenecki
strzyżowski
sulęciński
świdwiński
świebodziński
Świnoujście
sztumski
wąbrzeski
wągrowiecki
wałecki
wieluński
włodawski
wschowski
Zabrze
żagański
zambrowski
żarski
Zielona Góra
zielonogórski
złotowski
Żory
 
Statystyki odpowiedzi
Odpowiedź % Poprawnych
Gorzów Wielkopolski
98%
gorzowski
84%
zielonogórski
81%
Zielona Góra
79%
nowosolski
74%
słubicki
74%
międzyrzecki
72%
strzelecko-drezdenecki
69%
świebodziński
67%
sulęciński
66%
wschowski
64%
żagański
64%
żarski
62%
krośnieński
60%
Nie znaleziono quizów pasujących do podanych kryteriów
Rozkład punktacji
Procent ludzi z każdym wynikiem
Percentyl według liczby udzielonych odpowiedzi
Twoja historia wyników
Nie rozwiązałeś tego quizu